000 01122nam a2200301 i 4500
001 bg
100 1 _aScott, Walter
_d(1771-1832).
245 1 0 _aWaverley albo lat temu sześćdziesiąt /
_cWalter Scott ; przeł. Teresa Świderska.
246 1 _iTyt. oryg.:
_aWaverley or 'this sixty years since
260 _a[s.l.] :
_bMediasat Group,
_c2005.
300 _a506 [2] s. ;
_c21 cm.
490 1 _aBiblioteka Gazety Wyborczej : XIX wiek ;
_v23
500 _aTyt. oryg.: "Waverley or 'this sixty years since". - Oparto na wyd. Państw. Inst. Wydaw. z 1962 r. wg oprac. Andrzeja Tretiaka.
500 _aWyd. we współpr. merytorycznej z Zakładem Narodowym im. Ossolińskich - Wydawnictwo, Wrocław.
650 9 _aPowieść angielska
_y19 w.
700 1 _aŚwiderska, Teresa.
_eTł.
830 0 _aBiblioteka Gazety Wyborczej ;
_v23
020 _a8498191645 (całość)
020 _a8498191947
040 _cBPK
041 1 _apol
_heng
044 _aPOL
080 _a821.111-3
920 _a84-9819-164-5 (całość)
920 _a84-9819-194-7
942 _cKS
008 s pl f |000 0 pol
999 _c55710
_d55710